|
|
|
|
| LEADER |
01148nab a2200325 i 4500 |
| 001 |
publ18331 |
| 005 |
20200302130114.0 |
| 008 |
200302s2020 hu o 0|| zxx d |
| 022 |
|
|
|a 1420-3049
|
| 024 |
7 |
|
|a 10.3390/molecules25041010
|2 doi
|
| 024 |
7 |
|
|a 31202243
|2 mtmt
|
| 040 |
|
|
|a SZTE Publicatio Repozitórium
|b hun
|
| 041 |
|
|
|a zxx
|
| 100 |
1 |
|
|a Keglevich András
|
| 245 |
1 |
0 |
|a Synthesis and Cytotoxic Activity of New Vindoline Derivatives Coupled to Natural and Synthetic Pharmacophores
|h [elektronikus dokumentum] /
|c Keglevich András
|
| 260 |
|
|
|c 2020
|
| 300 |
|
|
|a Azonosító: 1010-Terjedelem: 19 p
|
| 490 |
0 |
|
|a MOLECULES
|v 25 No. 4
|
| 700 |
0 |
1 |
|a Dányi Leonetta
|e aut
|
| 700 |
0 |
1 |
|a Rieder Alexandra
|e aut
|
| 700 |
0 |
1 |
|a Horváth Dorottya
|e aut
|
| 700 |
0 |
1 |
|a Szigetvári Áron
|e aut
|
| 700 |
0 |
1 |
|a Dékány Miklós
|e aut
|
| 700 |
0 |
1 |
|a Szántay Csaba, ifj.
|e aut
|
| 700 |
0 |
1 |
|a Latif Ahmed Dhahir
|e aut
|
| 700 |
0 |
1 |
|a Hunyadi Attila
|e aut
|
| 700 |
0 |
1 |
|a Zupkó István
|e aut
|
| 700 |
0 |
1 |
|a Keglevich Péter
|e aut
|
| 700 |
0 |
1 |
|a Hazai László
|e aut
|
| 856 |
4 |
0 |
|u http://publicatio.bibl.u-szeged.hu/18331/1/molecules-25-01010-v2.pdf
|z Dokumentum-elérés
|